| 000 | 01197cam a2200337 i 4500 | ||
|---|---|---|---|
| 999 |
_c200452794 _d71006 |
||
| 003 | TR-AnTOB | ||
| 005 | 20230419153817.0 | ||
| 007 | ta | ||
| 008 | 160826t20132014tu ad 000 0 tur d | ||
| 020 | _a9789750614514 | ||
| 040 |
_aTR-AnTOB _beng _erda _cTR-AnTOB _dTR-AnTOB |
||
| 041 | 0 | _atur | |
| 050 | 1 | 4 |
_aBF637.C45 _bE76 2014 |
| 090 |
_aBF637.C45 _bE76 2014 |
||
| 100 | 1 |
_aEroğlu, Erhan _eauthor, editor _953519 |
|
| 245 | 1 | 0 |
_aEtkili iletişim teknikleri / _cProf. Dr. Erhan Eroğlu... [and 3 others] ; editörler: Prof. Dr. Erhan Eroğlu, Prof. Dr. A. Haluk Yüksel. |
| 250 | _a2. Baskı | ||
| 264 | 1 |
_aEskişehir : _bT.C. Anadolu Üniversitesi , _c2014. |
|
| 264 | 4 | _c©2013 | |
| 300 |
_a211 pages : _billustrations, tables ; _c27 cm |
||
| 336 |
_atext _btxt _2rdacontent |
||
| 337 |
_aunmediated _bn _2rdamedia |
||
| 338 |
_avolume _bnc _2rdacarrier |
||
| 490 | 0 |
_aT.C. Anadolu Üniversitesi Yayını No ; _v2775 _aAçıköğretim Fakültesi Yayını No ; _v1733 |
|
| 504 | _aBIB | ||
| 650 | 7 |
_aİletişim _2etuturkob _96358 |
|
| 650 | 7 |
_aKişilerarası iletişim _2etuturkob _951952 |
|
| 700 | 1 |
_aYüksel, Ahmet Halûk _eeditor _9141514 |
|
| 942 |
_2lcc _cBK |
||